00799cam a22002411 4500001001300000003000400013005001700017008004100034010001700075035001800092040002500110042001200135050002200147082001500169100004500184245011400229250001300343260004400356300006100400504003100461650004800492999001700540sa 67006615 DLC20260227112409.0720531s1967 ii ab b 000 0 eng  asa 67006615  a(OCoLC)320831 aDLCcOCUdOCoLCdDLC apremarc00aPK1850b.M82 1967 a891.4/7/091 aMunshi, Kanaiyalal Maneklal,d1887-1971.10aGujarāt and its literature, from early times to 1852,cby Kanaiyalal M. Munshi. Foreword by Mahatma Gandhi. a[3d ed.] aBombay,bBharatiya Vidya Bhavan,c1967. axxxiv, 292 p.billus., maps (2 fold., part col.)c23 cm. aBibliographical footnotes. 0aGujarati literaturexHistory and criticism. c76074d76074